banner-ar

الفلسفة والفلاسفة فى الحضارة العربية / (Record no. 48285)

MARC details
000 -الفاتح
حقل البيانات ثابتة الطول 00497nam a2200157Ia 4500
005 - وقت وتاريخ اخر تعامل مع التسجيلة
رقم الضبط 20240530104521.0
008 - عناصر البيانات ثابتة الطول - معلومات عامة
حقل البيانات ثابتة الطول 140319s9999 xx 000 0 ara d
040 ## - مصدر الفهرسة
وكالة الفهرسة الأصلية GCL /
وكالة النسخ GCL
082 04 - رقم تصنيف ديوى العشرى
رقم التصنيف 191
رقم المادة ع ف
100 1# - المدخل الرئيسى - إسم شخصى
الإسم الشخصى عبدالرحمن بدوى
245 10 - بيان العنوان
العنوان الفلسفة والفلاسفة فى الحضارة العربية /
بيان المسئوليه,etc عبدالرحمن بدوى
300 ## - الوصف المادى
التعداد 257 ص
490 ## - بيان السلسلة
عنوان السلسلة موسوعة الحضارة العربية الاسلامية
رقم المجلد/ التعيين التسلسلي 0
942 ## - عناصر المدخل الإضافي( كوها)
مصدر التصنيف او مخطط الترفيف Dewey Decimal Classification
Koha [default] item type كتاب
Holdings
حالة التراجع حالة الفقد حالة تلف ليس للاعارة المكان المؤقت الموقع الحالى تاريخ الاكتساب اجمالي اﻻعارات رقم الطلب الباركود تاريخ اخر مشاهدة تاريخ تفعيل السعر نوع وعاء كوها
        مكتبة القاهرة الكبرى مكتبة القاهرة الكبرى 03/26/2014   191\ع ف 116575 03/26/2014 03/26/2014 كتاب
        مكتبة القاهرة الكبرى مكتبة القاهرة الكبرى 03/26/2014   191\ع ف 116576 03/26/2014 03/26/2014 كتاب

Powered By

EGPV